Les termes grammaticaux de la langue française - Statistiques

Statistiques générales
  • Ce quiz a été pris 168 fois
    152 depuis la dernière actualisation
  • Le résultat moyen est 15 sur 22
Statistiques - réponses
Indice Réponse % Correct
il accompagne le mot et est souvent qualificatif adjectif
96%
peut être commun ou propre nom
95%
classés en 3 groupes en fonction de leurs terminaisons verbe
92%
signe placé sur une voyelle accent
91%
on ajoute en général un "s" ou un "x" au mot pluriel
91%
Elle commence par une majuscule et finit par un point phrase
89%
masculin ou féminin genre
86%
de coordination ou de subordination conjonction
85%
remplace le nom auquel il se rapporte et peut être personnel ou impersonnel pronom
85%
être et avoir auxiliaire
83%
mots qui s'écrivent ou se prononcent de la même façon, mais qui n'ont pas la même signification homonyme
83%
petit mot placé devant le nom et peut être défini ou indéfini article
76%
Il accomplit l'action sujet
74%
mots qui ont le même sens ou un sens similaire mais s'écrivent différemment synonyme
71%
peut être de lieu, de temps,de manière, de quantité adverbe
68%
peut être présent, passé ou futur participe
56%
forme verbale précédée de la préposition « en » et se finissant par « -ant » gérondif
44%
ensemble des structures linguistiques grammaire
40%
petit mot qui sert à réunir deux mots ou groupes de mots préposition
33%
mot venant après le verbe et peut être direct ou indirect objet
23%
ensemble des mots vocabulaire
21%
peut être relatif ou absolu superlatif
6%
Aucun quiz correspondant
Distribution des résultats
% des personnes avec chaque résultat
Percentile par nombre de réponses
Votre historique - résultats
Vous n’avez pas pris ce quiz depuis la dernière actualisation